000 00723cam a22002413a 4500
001 18587
003 PGUSA
005 20140828083409.0
008 060614s2006||||xxu|||||s|||||000 1 eng d
040 _aPGUSA
_beng
042 _adc
050 4 _aPZ
100 1 _aFerguson, Donald
245 1 4 _aThe Chums of Scranton High :
_bOr, Hugh Morgan's Uphill Fight
_h[electronic resource] /
_cDonald Ferguson
260 _bProject Gutenberg,
_c2006
506 _aPublic domain in the USA.
516 _aElectronic text
653 _aHigh school students -- Juvenile fiction
653 _aBaseball -- Juvenile fiction
830 0 _aProject Gutenberg
_v18587
856 4 0 _uhttp://www.gutenberg.org/ebooks/18587
942 _cEB
999 _c247842
_d247842